| 000 | 00517nam a22001697a 4500 | ||
|---|---|---|---|
| 005 | 20250216094347.0 | ||
| 008 | 250216b |||||||| |||| 00| 0 eng d | ||
| 020 | _a9780470613030 | ||
| 082 |
_a005.8 _bLIG-M |
||
| 100 | _aLigh, Michael Hale | ||
| 245 |
_aMalware Analyst's Cookbook and DVD: _bTools and Techniques for Fighting Malicious Code / _cMichael Hale Ligh |
||
| 260 |
_aUSA: _bElsevier; _c2011. |
||
| 300 |
_axiv, 716 p. : _bill; _c24 cm. |
||
| 500 | _ainclude index. | ||
| 650 | _aSecurity | ||
| 999 |
_c36859 _d36859 |
||